000 00475nam a2200193Ia 4500
005 20250603144433.0
008 250603s9999 xx 000 0 und d
020 _a9781405130790
050 _aR 726.8 .M37/
100 _aEdited by Marie Fallon and Geoffrey Hanks.
245 0 _aABC of palliative care
250 _a2nd ed.
260 _aUnited State
260 _bBlackwell Publishing
260 _c2006
300 _a88 p
650 _aUnited State
942 _cBK
999 _c38918
_d38918